00281nam a22001217a 4500003000400000005001700004008004100021020001500062040000700077082001800084100000900102245004800111OSt20211222162555.0211222b |||||||| |||| 00| 0 eng d a0130362522 cHU a004.35UMA1993 aUmar aDistributed Computing A Practical Synthesis